| 000 | 00420nam a2200145 a 4500 | ||
|---|---|---|---|
| 001 | 000041451 | ||
| 005 | 20201002034912.0 | ||
| 008 | 131007s1968 it ac 000 0 spa d | ||
| 040 |
_aDO-SdBNP _bspa _cBNPHU |
||
| 082 |
_axxx _bS243c |
||
| 100 | 1 |
_aOttani Cavina, Anna _968122 |
|
| 245 | 1 | 0 |
_aCarlo Saraceni / _cAnna Ottani Cavina. |
| 260 |
_aMilano, Italia : _bM. Spagnol, _c1968. |
||
| 300 |
_a188 p. : _bil, retrs. ; _c27 cm. |
||
| 999 |
_c40941 _d40941 |
||